000
00297nam a2200133Ia 4500
100
_a
Pless/Vera
942
_c
BK
654
_a
error
245
_a
Introduction to the theory of Error correcting codes
260
_b
John Wiley
_c
1998
082
_a
3.54
_b
PLE
300
_a
207
546
_a
ENGLISH
999
_c
18277
_d
18277